| 000 | 00845nam a2200253 i 4500 | ||
|---|---|---|---|
| 001 | 173547 | ||
| 003 | ES-MaACL | ||
| 005 | 20230906215253.0 | ||
| 008 | 091207r1979 sp |||| | spa d | ||
| 020 | _a84-249-3524-1 | ||
| 080 | _a875-13.09 | ||
| 080 | _a875-13(082.2) | ||
| 245 | 0 | 0 |
_aFragmentos de épica griega arcaica / _cintroducción, traducción [del griego] y notas de Alberto Bernabé Pajares. |
| 260 |
_aMadrid : _bGredos, _c[1979] |
||
| 300 |
_a40 p. ; _c20 cm. |
||
| 490 | 1 |
_aBiblioteca clásica Gredos ; _v20 |
|
| 504 | _aBibliografía: p. 16-17. | ||
| 650 | 7 |
_aPoesía épica griega- _xHistoria y crítica. _9162835 |
|
| 650 | 4 |
_aPoesías épicas griegas. _9162836 |
|
| 700 | 1 |
_aBernabé, Alberto. _928158 |
|
| 830 | 1 |
_aBiblioteca clásica Gredos ; _v20 _9177556 |
|
| 852 |
_aES-MaACL _jC-57044 |
||
| 999 |
_c173547 _d173547 |
||